Письмо Владимира Смольянинова А.В. Кривошеину

Доступно только в Электронных читальных залах Найти на картеНа карте
RUSMARC
00003502nmc2a22002413x 450
001c38a515e-173e-46c4-bcb2-6612234f5e66
00520251226100810.0
100##$a20250625l19141914k l0rusy0189 ca
1010#$arus
102##$aRU
105##$ay###
1220#$ad
2001#$aПисьмо Владимира Смольянинова А.В. Кривошеину
$j1 сентября 1914 г.
215##$a1 л.
$d36,5х26 см
251##$cДело
300##$aПисьма разных лиц к Е.Г. Кривошеиной
371##$aДокумент не является опубликованным и широко распространяемым
461#0$10014a7d475a-da6a-4fe5-ac12-54e1d873a03e
$12001
$aКривошеин Александр Васильевич
$1251
$cФонд
$1852
$j1571
462#0$10019af0f408-9074-482a-a22c-3a631489d173
$12001
$aЛичные документы Е.Г. Kривошеиной и ее сыновей; письма ей членов семьи и других лиц
$1251
$cОпись
$1852
$j2
801#0$aRU
$bРГИА
$c20250625
$gRCR
801#1$aRU
$bГлавНИВЦ
$c20250625
$2rusmarc
801#2$aRU
$bПБ им. Б.Н. Ельцина
$c20251226
$gRCR
$2rusmarc
850##$aРГИА
852##$aРГИА
$eФедеральное казенное учреждение "Российский государственный исторический архив" (РГИА)
$j142
937##$hРГИА
$d12426455
$aASBIBLIO_SCAN
035##$aRusGRCC00088090
856##$uhttp://readingroom.main.prlib.ru/item.aspx?id_node=n199875618&mode=full
Формат отображения